| 000 | 00629nam a2200217 4500 | ||
|---|---|---|---|
| 003 | OSt | ||
| 005 | 20260530115259.0 | ||
| 008 | 260507b2008 fi a|||| |||| 00| 0 eng d | ||
| 020 | _a9789515582577 | ||
| 040 |
_aICI _bspa _cICI |
||
| 041 | _aeng | ||
| 050 |
_aNK2115 _b.B36 |
||
| 100 | 1 |
_aBello, Paula, _eautor _929363 |
|
| 245 | 1 | 0 |
_aGoodscapes : _bglobal design processes / _cPaula Bello |
| 264 | 1 |
_aFinlandia : _bUniversity of Art and Design Helsinki, _c2008 |
|
| 300 |
_a240 páginas : _bilustraciones |
||
| 336 |
_atexto _2rdacontent |
||
| 337 |
_asin medio _2rdamedia |
||
| 338 |
_avolumen _2rdacarrier |
||
| 942 |
_2lcc _cBK _n1 |
||
| 999 |
_c12775 _d12775 |
||